000 00298nam a22001217a 4500
008 180426b xxu||||| |||| 00| 0 eng d
041 _aeng
080 _a043.3
100 _a0
101 _aSHKI-BA
245 _aIntraneti dhe Pagesat Elektronike ne Komunen e Istogut
_cBytyqi, F
942 _2udc
_cBK
999 _c45570
_d45570